[Event "Nizhny Novgorod Region-ch (Women)"]
[Site "Nizhnij Novgorod"]
[Date "2014.11.29"]
[Round "1"]
[White "Vityugova, Yaroslava"]
[Black "Schapina, Nina"]
[Result "1-0"]
[WhiteElo "1436"]
[BlackElo "1219"]
[PlyCount "83"]
[EventDate "2014.11.29"]
[EventType "swiss"]
[EventRounds "7"]
[EventCountry "RUS"]
[SourceTitle "EXT 2023"]
[Source "ChessBase"]
[SourceDate "2022.10.05"]
[SourceVersion "1"]
[SourceVersionDate "2022.10.05"]
[SourceQuality "1"]

1. e4 e6 2. d4 d5 3. Nc3 Be7 4. Nf3 dxe4 5. Nxe4 Nf6 6. Nxf6+ Bxf6 7. c3 0-0 8. Bc4 b6 9. 0-0 a5 10. Bf4 Ba6 11. Bxa6 Nxa6 12. Re1 c5 13. dxc5 Nxc5 14. Qxd8 Bxd8 15. Rad1 Rc8 16. h3 Bc7 17. Bxc7 Rxc7 18. Rd6 b5 19. Red1 Na4 20. R1d2 Nc5 21. Rd8 g6 22. Rxf8+ Kxf8 23. Rd8+ Kg7 24. Rb8 Rb7 25. Rxb7 Nxb7 26. Kf1 Nc5 27. Nd4 b4 28. cxb4 axb4 29. Nc6 b3 30. axb3 Nxb3 31. Ke2 f5 32. Kd3 Nc5+ 33. Kc4 Ne4 34. b4 Nxf2 35. b5 Ne4 36. b6 Kf6 37. Kb4 Nd6 38. Na5 e5 39. Kc5 Ke6 40. Nc4 Nb7+ 41. Kc6 Nd8+ 42. Kc7 1-0